00557nmm a2200169Ia 4500008004100000020001800041041000800059100003200067245008100099264006000180300001800240490003100258650002300289856005100312942000700363999001700370251105s9999||||xx |||||||||||||||||und|| a9789587387520 aspa aLondoño Isaza, Juan David 0aCiencia, libertad y formación ciudadana : un estudio sobre Paul Feyerabend a[Bogotá, Colombia] :bUniversidad del Rosario, c2016 a241 páginas aTextos de Ciencias Humanas aPhilosophy, Ethics uhttps://public.digitaliapublishing.com/a/46415 cCF c95856d95856